MARC

LEADER 00000nam0a2200000 4500
001 33903
005 20231101210210.0
035 |a (RuTPU)RU\TPU\book\34274 
035 |a BOOK00000925 
090 |a 33903 
100 |a 20011210d1975 m y0rusy50 ca 
101 0 |a rus 
102 |a RU 
105 |a a j 000zy 
200 1 |a Сборник задач по теории механизмов и машин  |e учебное пособие  |f И. И. Артоболевский, Б. В. Эдельштейн 
210 |a Москва  |c Наука  |d 1975 
215 |a 256 с. 
606 |a Механизмы и машины  |x Теория  |2 stltpush  |3 (RuTPU)RU\TPU\subj\64695  |9 81456 
610 1 |a прикладная механика 
610 1 |a теория 
610 1 |a задачи 
610 1 |a сборники 
610 1 |a учебные пособия 
675 |a 621.01(076)  |v 3 
700 1 |a Артоболевский  |b И. И.  |c специалист в области теории машин и механизмов  |c академик АН СССР, Герой Социалистического Труда  |f 1905-1977  |g Иван Иванович  |2 stltpush  |3 (RuTPU)RU\TPU\pers\15331  |9 5277 
701 1 |a Эдельштейн  |b Б. В.  |g Борис Витальевич 
801 0 |a RU  |b 63413507  |c 20011210  |g PSBO 
801 2 |a RU  |b 63413507  |c 20220506  |g PSBO 
900 |a Прикладная механика 
900 |a Теория машин и механизмов и детали машин 
942 |c BK